| 000 | 00434 a2200157 4500 | ||
|---|---|---|---|
| 005 | 20240830131949.0 | ||
| 008 | 240830b |||||||| |||| 00| 0 eng d | ||
| 020 | _a9781593273972 | ||
| 041 | _aeng | ||
| 100 |
_aSchrenk Michael _9205388 |
||
| 245 |
_aWebbots Spiders And Screen Scrapers _bGuide to Developing Internet Agents with PHP/CURL |
||
| 250 | _a2nd ed. | ||
| 260 |
_bNo Starch Press _c2012 |
||
| 300 | _a362 | ||
| 942 | _cBK | ||
| 999 |
_c356628 _d356628 |
||